000
00280nam a2200121Ia 4500
008
230312s9999||||xx |||||||||||||| ||und||
082
_a
914.955
_b
GRE-A
100
_a
Greece;Corfu
245
0
_a
Achilleio History And Legend
260
_a
UK
650
_a
Architecture
942
_c
BK
999
_c
12075
_d
12075